Most visited cities - Statistics

General Stats
  • This quiz has been taken 77 times
  • The average score is 13 of 20
Answer Stats
Hint Answer % Correct
3 Paris
100%
1 London
97%
6 New York
97%
14 Rome
93%
11 Tokyo
93%
20 Los Angeles
90%
12 Barcelona
77%
17 Shanghai
75%
10 Hong Kong
66%
2 Bangkok
65%
5 Istanbul
63%
15 Milan
63%
7 Singapore
62%
13 Amsterdam
59%
9 Seoul
59%
4 Dubai
49%
18 Vienna
38%
19 Prague
32%
8 Kuala Lumpur
31%
16 Taipei
27%
No matching quizzes found
Score Distribution
Percent of People with Each Score
Percentile by Number Answered
Your Score History
You have not taken this quiz